<?xml version="1.0" encoding="UTF-8"?>
<record
    xmlns:xsi="http://www.w3.org/2001/XMLSchema-instance"
    xsi:schemaLocation="http://www.loc.gov/MARC21/slim http://www.loc.gov/standards/marcxml/schema/MARC21slim.xsd"
    xmlns="http://www.loc.gov/MARC21/slim">

  <leader>00736nam a22002297a 4500</leader>
  <controlfield tag="001">57785</controlfield>
  <controlfield tag="005">20260427150436.0</controlfield>
  <controlfield tag="008">260427s2024 nue        |||||||| |||| 00| 0 eng d</controlfield>
  <datafield tag="020" ind1=" " ind2=" ">
    <subfield code="a">9781637425671</subfield>
  </datafield>
  <datafield tag="040" ind1=" " ind2=" ">
    <subfield code="a">BD-DhIUB</subfield>
    <subfield code="c">BD-DhIUB</subfield>
    <subfield code="d">BD-DhIUB</subfield>
  </datafield>
  <datafield tag="082" ind1=" " ind2=" ">
    <subfield code="2">23</subfield>
    <subfield code="a">658.300285</subfield>
    <subfield code="b">K8368h</subfield>
  </datafield>
  <datafield tag="100" ind1=" " ind2=" ">
    <subfield code="a">Koning, Marlene de</subfield>
    <subfield code="9">7167</subfield>
  </datafield>
  <datafield tag="245" ind1=" " ind2=" ">
    <subfield code="a">HR tech strategy :</subfield>
    <subfield code="b">revolutionizing employee experience through HR- tech synergy/</subfield>
    <subfield code="c">Marlene de Koning.</subfield>
  </datafield>
  <datafield tag="260" ind1=" " ind2=" ">
    <subfield code="a">New York:</subfield>
    <subfield code="b">Bussiness expert press, LLC</subfield>
    <subfield code="c">2024</subfield>
  </datafield>
  <datafield tag="300" ind1=" " ind2=" ">
    <subfield code="a">xix, 192p;.</subfield>
    <subfield code="c">24cm</subfield>
  </datafield>
  <datafield tag="526" ind1=" " ind2=" ">
    <subfield code="a">SBE</subfield>
    <subfield code="b">hrm</subfield>
    <subfield code="l">REF</subfield>
  </datafield>
  <datafield tag="541" ind1=" " ind2=" ">
    <subfield code="a">Risaam</subfield>
  </datafield>
  <datafield tag="650" ind1=" " ind2="4">
    <subfield code="a">Information technology.</subfield>
    <subfield code="9">670</subfield>
  </datafield>
  <datafield tag="650" ind1=" " ind2="0">
    <subfield code="a">Employee engagement</subfield>
    <subfield code="9">7168</subfield>
  </datafield>
  <datafield tag="650" ind1=" " ind2="4">
    <subfield code="a">Strategic planning.</subfield>
    <subfield code="9">485</subfield>
  </datafield>
  <datafield tag="942" ind1=" " ind2=" ">
    <subfield code="2">ddc</subfield>
    <subfield code="c">BK</subfield>
  </datafield>
  <datafield tag="999" ind1=" " ind2=" ">
    <subfield code="c">57785</subfield>
    <subfield code="d">57959</subfield>
  </datafield>
  <datafield tag="952" ind1=" " ind2=" ">
    <subfield code="0">0</subfield>
    <subfield code="1">0</subfield>
    <subfield code="2">ddc</subfield>
    <subfield code="4">0</subfield>
    <subfield code="7">1</subfield>
    <subfield code="a">IUBL</subfield>
    <subfield code="b">IUBL</subfield>
    <subfield code="c">REF</subfield>
    <subfield code="d">2026-03-30</subfield>
    <subfield code="e">PURCHASE</subfield>
    <subfield code="g">4950.00</subfield>
    <subfield code="h">2024</subfield>
    <subfield code="l">0</subfield>
    <subfield code="o">658.300285 K8368h</subfield>
    <subfield code="p">029605</subfield>
    <subfield code="r">2026-04-27 15:06:53</subfield>
    <subfield code="t">01</subfield>
    <subfield code="v">9900.00</subfield>
    <subfield code="w">2026-03-30</subfield>
    <subfield code="y">BK</subfield>
  </datafield>
  <datafield tag="952" ind1=" " ind2=" ">
    <subfield code="0">0</subfield>
    <subfield code="1">0</subfield>
    <subfield code="2">ddc</subfield>
    <subfield code="4">0</subfield>
    <subfield code="7">1</subfield>
    <subfield code="a">IUBL</subfield>
    <subfield code="b">IUBL</subfield>
    <subfield code="c">REF</subfield>
    <subfield code="d">2026-03-30</subfield>
    <subfield code="e">PURCHASE</subfield>
    <subfield code="g">4950.00</subfield>
    <subfield code="h">2024</subfield>
    <subfield code="l">0</subfield>
    <subfield code="o">658.300285 K8368h</subfield>
    <subfield code="p">029606</subfield>
    <subfield code="r">2026-04-27 15:08:33</subfield>
    <subfield code="t">02</subfield>
    <subfield code="v">9900.00</subfield>
    <subfield code="w">2026-03-30</subfield>
    <subfield code="y">BK</subfield>
  </datafield>
</record>
